[Event "Portugal Open 2020"]
[Site "Lisboa POR"]
[Date "2020.01.28"]
[Round "4.2"]
[White "INDIC, Aleksandar"]
[Black "STACHOWIAK, Kamil"]
[Result "1/2-1/2"]
[BlackElo "2446"]
[WhiteElo "2622"]
[LiveChessVersion "1.4.8"]

1. c4 {[%clk 1:27:05]} Nf6 {[%clk 1:29:48]} 2. d3 {[%clk 1:27:08]} g6
{[%clk 1:27:24]} 3. e4 {[%clk 1:23:35]} d6 {[%clk 1:27:35]} 4. h4
{[%clk 1:22:32]} h5 {[%clk 1:23:38]} 5. Nc3 {[%clk 1:20:00]} c5 {[%clk 1:22:53]}
6. Bg5 {[%clk 1:17:49]} Bg7 {[%clk 1:23:06]} 7. g3 {[%clk 1:15:59]} Nc6
{[%clk 1:23:07]} 8. Bg2 {[%clk 1:16:13]} Nd4 {[%clk 1:16:53]} 9. Nce2
{[%clk 1:15:34]} Nxe2 {[%clk 1:12:02]} 10. Nxe2 {[%clk 1:15:36]} Rb8
{[%clk 1:07:09]} 11. O-O {[%clk 1:12:05]} O-O {[%clk 1:06:43]} 12. d4
{[%clk 1:12:23]} cxd4 {[%clk 1:05:02]} 13. Nxd4 {[%clk 1:12:19]} Bd7
{[%clk 1:04:33]} 14. Qd2 {[%clk 1:10:50]} Ng4 {[%clk 1:03:47]} 15. Rac1
{[%clk 1:08:51]} Re8 {[%clk 0:48:36]} 16. Rfd1 {[%clk 1:02:53]} Rc8
{[%clk 0:45:23]} 17. b3 {[%clk 0:59:23]} a6 {[%clk 0:36:56]} 18. Nf3
{[%clk 0:56:51]} Bc6 {[%clk 0:34:11]} 19. Nh2 {[%clk 0:53:57]} Nf6
{[%clk 0:28:57]} 20. Qe1 {[%clk 0:47:04]} Qc7 {[%clk 0:26:41]} 21. c5
{[%clk 0:45:59]} dxc5 {[%clk 0:25:22]} 22. Rxc5 {[%clk 0:43:29]} Rcd8
{[%clk 0:14:37]} 23. Rxd8 {[%clk 0:37:03]} Rxd8 {[%clk 0:13:05]} 24. Rc2
{[%clk 0:37:24]} Nh7 {[%clk 0:08:20]} 25. Bf4 {[%clk 0:35:14]} e5
{[%clk 0:08:43]} 26. Bd2 {[%clk 0:34:13]} Nf8 {[%clk 0:07:25]} 27. Nf3
{[%clk 0:22:45]} Ne6 {[%clk 0:06:44]} 28. Bh3 {[%clk 0:22:49]} Nd4
{[%clk 0:05:59]} 29. Nxd4 {[%clk 0:22:44]} exd4 {[%clk 0:05:48]} 30. Bg2
{[%clk 0:19:52]} d3 {[%clk 0:03:12]} 31. Rc4 {[%clk 0:20:10]} Qe5
{[%clk 0:02:59]} 32. Qc1 {[%clk 0:19:54]} Rd4 {[%clk 0:02:35]} 33. Rc5
{[%clk 0:19:24]} Qe7 {[%clk 0:02:54]} 34. e5 {[%clk 0:18:29]} Bxg2
{[%clk 0:02:48]} 35. Kxg2 {[%clk 0:18:56]} Bxe5 {[%clk 0:02:29]} 36. Rc8+
{[%clk 0:19:15]} Kh7 {[%clk 0:01:49]} 37. Qe1 {[%clk 0:14:17]} Rd7
{[%clk 0:00:37]} 38. Qe3 {[%clk 0:14:12]} Bg7 {[%clk 0:00:39]} 39. Qxe7
{[%clk 0:14:29]} Rxe7 {[%clk 0:01:08]} 40. Rd8 {[%clk 0:14:58]} Re2
{[%clk 0:00:52]} 41. Rxd3 {[%clk 0:15:12]} Bh6 {[%clk 0:01:14]} 42. Bc3
{[%clk 0:13:31]} Bg7 {[%clk 0:01:40]} 43. Rd2 {[%clk 0:12:32]} Rxd2
{[%clk 0:00:58]} 44. Bxd2 {[%clk 0:13:00]} f5 {[%clk 0:01:03]} 45. Kf3
{[%clk 0:13:09]} Kg8 {[%clk 0:01:27]} 46. Ke4 1/2-1/2

[Event "Portugal Open 2020"]
[Site "Lisboa POR"]
[Date "2020.01.28"]
[Round "4.28"]
[White "FERNANDES, Alberto"]
[Black "ROCHA, Sergio"]
[Result "0-1"]
[BlackElo "2343"]
[WhiteElo "2092"]
[LiveChessVersion "1.4.8"]

1. e4 Nf6 {[%clk 1:30:09]} 2. Nc3 {[%clk 0:51:10]} d6 {[%clk 1:30:06]} 3. d4
{[%clk 0:51:24]} c6 {[%clk 1:29:54]} 4. a4 {[%clk 0:51:20]} g6 {[%clk 1:29:15]}
5. Nf3 {[%clk 0:51:20]} Bg7 {[%clk 1:29:39]} 6. h3 {[%clk 0:50:45]} O-O
{[%clk 1:30:01]} 7. Be2 {[%clk 0:50:23]} a5 {[%clk 1:29:30]} 8. O-O
{[%clk 0:50:02]} Na6 {[%clk 1:29:52]} 9. Be3 {[%clk 0:48:56]} Nb4
{[%clk 1:29:44]} 10. Nd2 {[%clk 0:45:11]} d5 {[%clk 1:25:31]} 11. e5
{[%clk 0:44:44]} Ne8 {[%clk 1:25:06]} 12. Nb3 {[%clk 0:38:47]} Bf5
{[%clk 1:21:26]} 13. Rc1 {[%clk 0:37:58]} f6 {[%clk 1:20:08]} 14. g4
{[%clk 0:37:48]} Bc8 {[%clk 1:18:33]} 15. f4 {[%clk 0:38:02]} Nc7
{[%clk 1:18:48]} 16. Qd2 {[%clk 0:34:52]} f5 {[%clk 1:18:19]} 17. Kg2
{[%clk 0:34:14]} b6 {[%clk 1:18:33]} 18. Nd1 {[%clk 0:32:25]} Ne6
{[%clk 1:17:15]} 19. c3 {[%clk 0:32:24]} Na6 {[%clk 1:17:34]} 20. gxf5
{[%clk 0:32:35]} Rxf5 {[%clk 1:17:41]} 21. Bg4 {[%clk 0:32:47]} Rf7
{[%clk 1:11:57]} 22. f5 {[%clk 0:31:46]} gxf5 {[%clk 1:12:17]} 23. Rxf5
{[%clk 0:26:15]} Rxf5 {[%clk 1:12:04]} 24. Bxf5 {[%clk 0:26:39]} Nf4+
{[%clk 1:11:58]} 25. Bxf4 {[%clk 0:27:00]} Bxf5 {[%clk 1:12:21]} 26. Kh2
{[%clk 0:25:24]} Qd7 {[%clk 1:10:17]} 27. Qg2 {[%clk 0:25:42]} Rf8
{[%clk 1:08:28]} 28. Qg3 {[%clk 0:25:40]} Bg6 {[%clk 1:02:24]} 29. Ne3
{[%clk 0:25:32]} Nc7 {[%clk 1:02:46]} 30. Rg1 {[%clk 0:21:56]} Ne6
{[%clk 1:03:04]} 31. Ng2 {[%clk 0:21:27]} Qe8 {[%clk 1:01:32]} 32. Be3
{[%clk 0:19:57]} Qf7 {[%clk 0:56:41]} 33. Nh4 {[%clk 0:16:09]} Bc2
{[%clk 0:56:37]} 34. Nd2 {[%clk 0:16:24]} Kh8 {[%clk 0:56:46]} 35. Qg4
{[%clk 0:15:22]} Bd3 {[%clk 0:55:32]} 36. Rg3 {[%clk 0:13:38]} Bc2
{[%clk 0:53:05]} 37. Rf3 {[%clk 0:13:45]} Qg8 {[%clk 0:53:20]} 38. Rg3
{[%clk 0:11:46]} c5 {[%clk 0:51:47]} 39. Ndf3 {[%clk 0:11:07]} Qf7
{[%clk 0:51:25]} 40. Ne1 {[%clk 0:10:06]} Be4 {[%clk 0:51:41]} 41. Nef3
{[%clk 0:09:51]} h5 {[%clk 0:43:28]} 42. Ng6+ {[%clk 0:05:59]} Bxg6
{[%clk 0:43:16]} 43. Qxg6 {[%clk 0:06:21]} Qxg6 {[%clk 0:43:34]} 44. Rxg6
{[%clk 0:06:08]} Rxf3 {[%clk 0:43:55]} 45. Bg1 {[%clk 0:01:02]} Nf4
{[%clk 0:42:34]} 46. Rxb6 {[%clk 0:01:10]} Rxh3# {[%clk 0:41:58]} 47. e6
{[%clk 0:01:10]} 0-1

[Event "Portugal Open 2020"]
[Site "Lisboa POR"]
[Date "2020.01.28"]
[Round "4.31"]
[White "FIDALGO, Daniel Neves"]
[Black "CHKHAIDZE, Nikoloz"]
[Result "1/2-1/2"]
[BlackElo "2288"]
[WhiteElo "2076"]
[LiveChessVersion "1.4.8"]

1. c4 {[%clk 1:30:58]} Nf6 {[%clk 1:27:08]} 2. g3 {[%clk 1:29:07]} e5
{[%clk 1:27:26]} 3. Bg2 {[%clk 1:29:27]} d5 {[%clk 1:27:53]} 4. cxd5
{[%clk 1:29:34]} Nxd5 {[%clk 1:28:20]} 5. Nc3 {[%clk 1:29:47]} Nb6
{[%clk 1:28:49]} 6. e3 {[%clk 1:29:29]} Nc6 {[%clk 1:29:14]} 7. Nge2
{[%clk 1:29:53]} h5 {[%clk 1:29:30]} 8. d4 {[%clk 1:20:18]} h4 {[%clk 1:29:00]}
9. d5 {[%clk 1:14:38]} Ne7 {[%clk 1:24:38]} 10. e4 {[%clk 1:14:10]} c6
{[%clk 1:23:35]} 11. b3 {[%clk 1:07:24]} cxd5 {[%clk 1:23:22]} 12. exd5
{[%clk 1:07:44]} Bg4 {[%clk 1:16:59]} 13. h3 {[%clk 0:58:47]} Bxe2
{[%clk 1:17:02]} 14. Qxe2 {[%clk 0:59:11]} hxg3 {[%clk 1:16:47]} 15. Qxe5
{[%clk 0:52:52]} gxf2+ {[%clk 0:59:52]} 16. Kxf2 {[%clk 0:53:10]} Qd7
{[%clk 0:59:10]} 17. Re1 {[%clk 0:48:47]} f6 {[%clk 0:57:35]} 18. Qe4
{[%clk 0:47:58]} Kf7 {[%clk 0:33:30]} 19. Qe6+ {[%clk 0:36:23]} Qxe6
{[%clk 0:33:47]} 20. dxe6+ {[%clk 0:36:52]} Kg8 {[%clk 0:34:10]} 21. Ba3 Re8
{[%clk 0:31:38]} 22. Rad1 {[%clk 0:34:28]} Ng6 {[%clk 0:27:44]} 23. e7
{[%clk 0:32:37]} Bxe7 {[%clk 0:26:56]} 24. Bxe7 {[%clk 0:23:11]} Rxe7
{[%clk 0:23:07]} 25. Rxe7 {[%clk 0:23:11]} Nxe7 {[%clk 0:23:34]} 26. Rd8+
{[%clk 0:23:33]} Kh7 {[%clk 0:24:01]} 27. Rxh8+ {[%clk 0:23:57]} Kxh8
{[%clk 0:24:30]} 28. Bxb7 {[%clk 0:24:18]} Kh7 {[%clk 0:21:23]} 29. b4
{[%clk 0:23:46]} Kg6 {[%clk 0:20:44]} 30. a4 {[%clk 0:23:32]} Kf5
{[%clk 0:19:15]} 31. a5 Nbc8 {[%clk 0:18:06]} 32. Nd5 {[%clk 0:15:31]} Nxd5
{[%clk 0:04:21]} 33. Bxc8+ {[%clk 0:15:58]} Ke5 {[%clk 0:04:42]} 34. b5
{[%clk 0:16:21]} Kd6 {[%clk 0:03:36]} 35. b6 {[%clk 0:16:03]} axb6
{[%clk 0:02:29]} 36. a6 {[%clk 0:16:27]} b5 {[%clk 0:02:38]} 37. a7
{[%clk 0:16:52]} Nb6 {[%clk 0:03:05]} 38. Bb7 {[%clk 0:17:09]} b4
{[%clk 0:03:16]} 39. a8=Q Nxa8 {[%clk 0:03:44]} 40. Bxa8 {[%clk 0:17:47]} Ke5
{[%clk 0:03:24]} 41. Ke3 {[%clk 0:16:14]} f5 {[%clk 0:03:07]} 42. Bc6
{[%clk 0:16:27]} b3 {[%clk 0:02:33]} 43. Ba4 {[%clk 0:16:48]} b2 {[%clk 0:02:40]}
44. Bc2 {[%clk 0:17:14]} g5 {[%clk 0:03:06]} 45. Kf3 {[%clk 0:17:35]} g4+
{[%clk 0:02:18]} 46. Ke4+ 1/2-1/2

[Event "Portugal Open 2020"]
[Site "Lisboa POR"]
[Date "2020.01.28"]
[Round "4.33"]
[White "BABA, Masahiro"]
[Black "FIGUEIREDO, Mario"]
[Result "1-0"]
[BlackElo "1939"]
[WhiteElo "2274"]
[LiveChessVersion "1.4.8"]

1. e4 {[%clk 1:30:57]} Nf6 {[%clk 1:30:33]} 2. e5 {[%clk 1:31:08]} Nd5 3. d4
{[%clk 1:31:18]} d6 {[%clk 1:31:03]} 4. Nf3 {[%clk 1:31:07]} Bg4 {[%clk 1:31:09]}
5. Be2 {[%clk 1:30:07]} e6 {[%clk 1:30:56]} 6. O-O {[%clk 1:29:32]} Be7
{[%clk 1:30:16]} 7. c4 {[%clk 1:28:18]} Nb6 {[%clk 1:30:18]} 8. exd6
{[%clk 1:25:59]} cxd6 {[%clk 1:30:35]} 9. Nc3 {[%clk 1:24:18]} O-O
{[%clk 1:29:20]} 10. h3 {[%clk 1:20:24]} Bh5 {[%clk 1:28:00]} 11. b3
{[%clk 1:09:51]} a5 {[%clk 1:23:05]} 12. Be3 {[%clk 1:06:44]} N8d7
{[%clk 1:16:16]} 13. Nd2 {[%clk 1:00:00]} Bxe2 {[%clk 1:03:55]} 14. Qxe2
{[%clk 1:00:21]} Nf6 {[%clk 1:04:01]} 15. Nde4 {[%clk 0:58:22]} Nxe4
{[%clk 1:02:16]} 16. Nxe4 {[%clk 0:57:56]} d5 {[%clk 1:01:47]} 17. Nc5
{[%clk 0:52:50]} Ra7 {[%clk 0:51:00]} 18. a4 {[%clk 0:45:32]} Qe8
{[%clk 0:39:48]} 19. Rfd1 {[%clk 0:41:52]} Qc6 {[%clk 0:34:05]} 20. Nd3
{[%clk 0:35:45]} Bf6 {[%clk 0:28:21]} 21. Ne5 {[%clk 0:34:18]} Bxe5
{[%clk 0:23:18]} 22. dxe5 {[%clk 0:34:28]} Raa8 {[%clk 0:18:56]} 23. Rac1
{[%clk 0:33:12]} dxc4 {[%clk 0:18:31]} 24. Rd6 {[%clk 0:32:31]} Qe4
{[%clk 0:16:18]} 25. Rxb6 {[%clk 0:32:39]} cxb3 {[%clk 0:16:09]} 26. Qc4
{[%clk 0:31:03]} Qxe5 {[%clk 0:14:52]} 27. Qxb3 {[%clk 0:30:12]} h6
{[%clk 0:12:38]} 28. Rxb7 {[%clk 0:29:54]} Rab8 {[%clk 0:10:12]} 29. Rxb8
{[%clk 0:29:59]} Rxb8 {[%clk 0:10:16]} 30. Qc3 {[%clk 0:28:42]} Qe4
{[%clk 0:07:06]} 31. Qxa5 {[%clk 0:26:56]} Ra8 {[%clk 0:07:06]} 32. Qb5
{[%clk 0:26:22]} Qxa4 {[%clk 0:04:54]} 33. Rc8+ {[%clk 0:25:25]} Kh7
{[%clk 0:05:18]} 34. Qb1+ {[%clk 0:25:39]} f5 {[%clk 0:05:27]} 35. Rxa8
{[%clk 0:24:29]} Qxa8 {[%clk 0:05:55]} 36. Bd4 {[%clk 0:23:40]} Qd5
{[%clk 0:04:35]} 37. Qb2 {[%clk 0:23:46]} Qd7 {[%clk 0:04:19]} 38. h4
{[%clk 0:22:51]} h5 {[%clk 0:04:39]} 39. g3 {[%clk 0:22:41]} Qf7 {[%clk 0:03:56]}
40. Qb8 {[%clk 0:22:26]} Qd7 {[%clk 0:02:02]} 41. Qa7 {[%clk 0:19:43]} Qxa7
{[%clk 0:02:05]} 42. Bxa7 {[%clk 0:20:08]} e5 {[%clk 0:02:26]} 43. Bb8
{[%clk 0:20:24]} e4 {[%clk 0:02:38]} 44. Kf1 {[%clk 0:20:40]} Kg6
{[%clk 0:02:25]} 45. Be5 {[%clk 0:20:38]} Kf7 {[%clk 0:02:48]} 46. Ke2
{[%clk 0:21:02]} g6 {[%clk 0:03:07]} 47. Ke3 {[%clk 0:21:00]} Ke6
{[%clk 0:03:28]} 48. Kf4 {[%clk 0:21:13]} e3 {[%clk 0:02:29]} 49. fxe3
{[%clk 0:21:32]} Kd5 {[%clk 0:02:46]} 50. Bd4 {[%clk 0:21:26]} Ke6
{[%clk 0:02:29]} 51. Kg5 {[%clk 0:21:43]} Kd5 {[%clk 0:02:47]} 52. Kxg6
{[%clk 0:21:56]} Ke4 {[%clk 0:03:14]} 53. Kxh5 {[%clk 0:22:10]} Kf3
{[%clk 0:03:36]} 54. Kg5 {[%clk 0:22:10]} Ke4 {[%clk 0:03:02]} 1-0

[Event "Portugal Open 2020"]
[Site "Lisboa POR"]
[Date "2020.01.28"]
[Round "4.35"]
[White "CORBALAN GOMEZ, Juan Jose"]
[Black "FERNANDES, Afonso"]
[Result "1-0"]
[BlackElo "1905"]
[WhiteElo "2243"]
[LiveChessVersion "1.4.8"]

1. e4 {[%clk 1:23:18]} c6 {[%clk 1:29:24]} 2. d4 {[%clk 1:23:42]} d5
{[%clk 1:29:53]} 3. Nc3 {[%clk 1:24:05]} dxe4 {[%clk 1:30:21]} 4. Nxe4
{[%clk 1:24:30]} Nf6 {[%clk 1:30:46]} 5. Ng3 {[%clk 1:24:42]} e5 {[%clk 1:28:55]}
6. Nf3 {[%clk 1:16:30]} exd4 {[%clk 1:28:12]} 7. Qxd4 {[%clk 1:16:03]} Qxd4
{[%clk 1:27:30]} 8. Nxd4 {[%clk 1:16:31]} g6 {[%clk 1:25:35]} 9. Bc4
{[%clk 1:12:04]} Bg7 {[%clk 1:20:55]} 10. O-O {[%clk 1:12:26]} O-O
{[%clk 1:21:23]} 11. Re1 {[%clk 1:10:27]} Nd5 {[%clk 1:20:11]} 12. c3
{[%clk 1:00:58]} Bxd4 {[%clk 1:18:10]} 13. cxd4 {[%clk 1:01:27]} Be6
{[%clk 1:18:11]} 14. Bh6 {[%clk 1:01:21]} Rd8 {[%clk 1:16:32]} 15. Bg5
{[%clk 1:00:03]} Re8 {[%clk 1:12:35]} 16. Ne4 {[%clk 0:59:51]} Nd7
{[%clk 1:11:03]} 17. Nd6 {[%clk 0:51:08]} Reb8 {[%clk 1:09:35]} 18. Rac1
{[%clk 0:47:51]} Nc7 {[%clk 1:04:58]} 19. Bf4 {[%clk 0:36:40]} Nd5
{[%clk 0:58:53]} 20. Bg3 {[%clk 0:32:48]} N7f6 {[%clk 0:53:09]} 21. Ne4
{[%clk 0:30:06]} Re8 {[%clk 0:52:41]} 22. Nc5 {[%clk 0:27:33]} b6
{[%clk 0:44:45]} 23. Nxe6 {[%clk 0:27:11]} Rxe6 {[%clk 0:44:27]} 24. Rxe6
{[%clk 0:27:26]} fxe6 {[%clk 0:44:54]} 25. Be2 {[%clk 0:24:36]} Ne7
{[%clk 0:43:32]} 26. Bd6 {[%clk 0:23:05]} Nfd5 {[%clk 0:43:25]} 27. g3
{[%clk 0:17:16]} Rd8 {[%clk 0:39:25]} 28. Be5 {[%clk 0:17:39]} a5
{[%clk 0:37:15]} 29. h4 {[%clk 0:17:52]} Kf7 {[%clk 0:36:02]} 30. h5
{[%clk 0:17:58]} Rc8 {[%clk 0:34:13]} 31. Kg2 {[%clk 0:17:23]} g5
{[%clk 0:33:23]} 32. Bd3 {[%clk 0:16:58]} h6 {[%clk 0:32:54]} 33. a3
{[%clk 0:08:27]} Nf6 {[%clk 0:32:29]} 34. f3 {[%clk 0:06:10]} Nfd5
{[%clk 0:29:57]} 35. Kf2 {[%clk 0:05:58]} b5 {[%clk 0:29:48]} 36. Ke2
{[%clk 0:05:15]} a4 {[%clk 0:29:38]} 37. Bd6 {[%clk 0:03:52]} Nf5 38. Be5
{[%clk 0:04:17]} Nfe7 {[%clk 0:29:34]} 39. Kd2 {[%clk 0:03:57]} Rd8
{[%clk 0:28:41]} 40. Ke2 {[%clk 0:02:02]} Rc8 {[%clk 0:29:00]} 41. Be4
{[%clk 0:01:18]} Rd8 {[%clk 0:29:00]} 42. Rc2 {[%clk 0:01:08]} Rc8
{[%clk 0:28:59]} 43. Rc1 {[%clk 0:01:08]} Rd8 {[%clk 0:29:00]} 44. Rf1
{[%clk 0:01:33]} Nf6 {[%clk 0:28:51]} 45. Bb1 {[%clk 0:01:21]} Nf5
{[%clk 0:29:08]} 46. Rd1 {[%clk 0:00:39]} Ne7 {[%clk 0:27:23]} 47. g4
{[%clk 0:00:32]} Nfd5 {[%clk 0:27:13]} 48. Rc1 {[%clk 0:00:43]} Rc8
{[%clk 0:26:10]} 49. Kf2 {[%clk 0:01:03]} Nb6 {[%clk 0:25:21]} 50. Bd3
{[%clk 0:01:19]} Nbd5 {[%clk 0:25:26]} 51. Kg3 {[%clk 0:01:24]} Rd8
{[%clk 0:24:28]} 52. Be4 {[%clk 0:01:45]} Rc8 {[%clk 0:24:36]} 53. Kf2
{[%clk 0:00:37]} Rd8 {[%clk 0:25:04]} 54. Kg3 {[%clk 0:01:02]} Rc8
{[%clk 0:25:31]} 55. Rc2 {[%clk 0:01:07]} Rd8 {[%clk 0:21:44]} 56. Bg6+
{[%clk 0:01:25]} Kg8 {[%clk 0:21:01]} 57. Rf2 {[%clk 0:01:16]} Nf4
{[%clk 0:19:21]} 58. Be4 {[%clk 0:00:47]} Ned5 {[%clk 0:19:36]} 59. Rc2
{[%clk 0:00:50]} Rc8 {[%clk 0:19:55]} 60. Bxf4 {[%clk 0:00:52]} gxf4+
{[%clk 0:20:14]} 61. Kh4 {[%clk 0:01:12]} Kf7 {[%clk 0:19:49]} 62. g5
{[%clk 0:00:37]} hxg5+ {[%clk 0:20:18]} 63. Kxg5 {[%clk 0:01:05]} Kg7
{[%clk 0:16:25]} 64. h6+ {[%clk 0:00:35]} Kf7 {[%clk 0:16:38]} 65. Bg6+
{[%clk 0:00:59]} Ke7 {[%clk 0:17:02]} 66. h7 {[%clk 0:00:57]} Nf6
{[%clk 0:16:27]} 67. Kh6 {[%clk 0:01:17]} Kd7 {[%clk 0:15:59]} 68. Be4
{[%clk 0:00:53]} Kd6 {[%clk 0:13:15]} 69. Rxc6+ {[%clk 0:01:06]} Kd5 1-0

[Event "Portugal Open 2020"]
[Site "Lisboa POR"]
[Date "2020.01.28"]
[Round "4.36"]
[White "CASAGRANDE, Federico"]
[Black "BALBUENA FUENTES, Mario"]
[Result "0-1"]
[BlackElo "2234"]
[WhiteElo "1999"]
[LiveChessVersion "1.4.8"]

1. d4 e6 2. c4 b6 3. Nf3 Bb7 4. g3 Bb4+ 5. Nbd2 Bxf3 6. exf3 Qf6 7. a3 Bxd2+ 8.
Bxd2 Qxd4 9. Qc2 Qe5+ 10. Qe4 Qxe4+ 11. fxe4 e5 12. Bc3 d6 13. f4 f6 14. O-O-O
Nd7 15. b4 Ke7 16. Bh3 Rd8 17. Rd5 Nh6 18. Rhd1 Nf7 19. Kc2 h5 20. Kb3 h4 21.
Bxd7 Rxd7 22. a4 hxg3 23. hxg3 Rh3 24. R5d3 Rd8 25. a5 Rdh8 26. Ka4 R8h5 27. Be1
exf4 28. gxf4 Rxd3 29. Rxd3 Nd8 30. Rg3 Kf7 31. f5 Rh2 32. axb6 axb6 33. Bc3 Re2
34. Rg4 Re3 35. Ba1 Nc6 36. Kb5 Na7+ 37. Ka4 Re2 38. Bc3 c5 39. b5 Nc8 40. Kb3
Ne7 41. Bb2 g5 42. fxg6+ Nxg6 43. Ba1 Rf2 44. Bc3 Ne5 45. Bxe5 dxe5 46. Rh4 Rf3+
47. Kc2 Rf4 48. Rh7+ Kg6 49. Rb7 Rxe4 50. Kc3 Re3+ 51. Kd2 Rh3 52. Rxb6 Kf5 53.
Rc6 Ke4 54. Rxf6 Kd4 55. Rd6+ Kxc4 56. b6 Rb3 57. Ke2 Rb4 0-1

[Event "Portugal Open 2020"]
[Site "Lisboa POR"]
[Date "2020.01.28"]
[Round "4.39"]
[White "POYSTI, Nathanael"]
[Black "GARCIA ORTEGA, Manuel"]
[Result "1-0"]
[BlackElo "1705"]
[WhiteElo "2203"]
[LiveChessVersion "1.4.8"]

1. c4 {[%clk 1:26:57]} c5 {[%clk 1:30:00]} 2. Nc3 {[%clk 1:27:22]} Nc6
{[%clk 1:30:21]} 3. g3 {[%clk 1:27:44]} g6 {[%clk 1:30:28]} 4. Bg2
{[%clk 1:28:10]} Bg7 {[%clk 1:30:55]} 5. e3 {[%clk 1:27:47]} Nf6 {[%clk 1:28:14]}
6. d3 {[%clk 1:27:27]} a6 {[%clk 1:26:34]} 7. Nge2 {[%clk 1:27:27]} Rb8
{[%clk 1:26:23]} 8. b3 {[%clk 1:26:36]} d6 {[%clk 1:23:21]} 9. Bb2
{[%clk 1:26:48]} Bd7 {[%clk 1:13:53]} 10. h3 {[%clk 1:25:32]} h5 {[%clk 1:09:40]}
11. Qd2 {[%clk 1:25:52]} b5 {[%clk 1:07:56]} 12. Rd1 {[%clk 1:21:11]} b4
{[%clk 1:00:29]} 13. Nd5 {[%clk 1:16:55]} e5 {[%clk 0:59:58]} 14. O-O
{[%clk 0:57:12]} h4 {[%clk 0:54:56]} 15. Nxf6+ {[%clk 0:50:13]} Bxf6
{[%clk 0:53:30]} 16. g4 {[%clk 0:50:34]} a5 {[%clk 0:45:54]} 17. d4
{[%clk 0:50:50]} exd4 {[%clk 0:34:58]} 18. exd4 {[%clk 0:50:37]} cxd4
{[%clk 0:32:44]} 19. Nxd4 {[%clk 0:50:57]} Ne5 {[%clk 0:20:02]} 20. f4
{[%clk 0:49:32]} Nxg4 {[%clk 0:18:22]} 21. hxg4 {[%clk 0:49:32]} Bxg4
{[%clk 0:18:22]} 22. Rde1+ {[%clk 0:47:12]} Kf8 {[%clk 0:18:22]} 23. Nc6
{[%clk 0:47:25]} Qb6+ {[%clk 0:18:30]} 24. Kh1 {[%clk 0:45:44]} h3
{[%clk 0:17:02]} 25. Bd5 {[%clk 0:45:35]} Bxb2 {[%clk 0:12:52]} 26. Qxb2
{[%clk 0:45:35]} Rh5 {[%clk 0:13:19]} 27. Nxb8 {[%clk 0:45:21]} Qxb8
{[%clk 0:13:20]} 28. Qf6 {[%clk 0:45:25]} Qa7 {[%clk 0:13:21]} 29. Bxf7
{[%clk 0:43:14]} d5 1-0